| 000 | 00500nam a2200217Ia 4500 | ||
|---|---|---|---|
| 008 | 170918s9999 xx 000 0 und d | ||
| 020 | _a9780689854149 | ||
| 050 | _bB433fa 2003 | ||
| 100 | _aBell, Hilari | ||
| 245 | _aFall of a kingdom / | ||
| 245 | _cby Hilari Bell. | ||
| 260 | _aNew York : | ||
| 260 | _bSimon Pulse, | ||
| 260 | _c2003 | ||
| 300 | _a422 pages : | ||
| 300 | _billustrations ; | ||
| 300 | _c17cm. | ||
| 300 | _eThe farsala trilogy ; | ||
| 440 | _a1 | ||
| 500 | _a900 | ||
| 999 |
_c343570 _d343570 |
||